Quick Pick: 2000s Oscar Winners Movie Posters Quiz Stats

 Plays Quiz not verified by Sporcle

Score 0/10 Timer 00:45
2 Plays Today
% Correct
Slumdog Millionaire
92.6%
The Lord of the Rings: The Return of the King
90.1%
Chicago
89%
Million Dollar Baby
88.3%
Gladiator
86.8%
A Beautiful Mind
86.2%
The Hurt Locker
82.7%
No Country for Old Men
82.7%
The Departed
82.1%
Crash
80%
Remove Ads.
Support Sporcle.
Get the best of Sporcle when you Go Orange. This ad-free experience offers more features, more stats, and more fun while also helping to support Sporcle. Thank you for becoming a member.

You're not logged in!

Compare scores with friends on all Sporcle quizzes.
OR
Log In

Sporcle TV

Today on Sporcle TV


Watch our educational content, quiz creation guides, and fun videos on Sporcle TV.

Show Comments

Extras

Top Quizzes Today


Score Distribution

Paid Content

Your Account Isn't Verified!

In order to create a playlist on Sporcle, you need to verify the email address you used during registration. Go to your Sporcle Settings to finish the process.

Report this User

Report this user for behavior that violates our Community Guidelines.

Details: